Letra de cambio y pagaré (Registro nro. 86)

Detalles MARC
000 -LEADER
fixed length control field 01085 a2200229 4500
001 - CONTROL NUMBER
control field 112
005 - DATE AND TIME OF LATEST TRANSACTION
control field 20260407155411.0
008 - FIXED-LENGTH DATA ELEMENTS--GENERAL INFORMATION
fixed length control field 260407a2006 arg spa d
003 - CONTROL NUMBER IDENTIFIER
control field AR-UNSa-BCEJYS
040 ## - CATALOGING SOURCE
Original cataloging agency AR-UNSa-BCEJYS
Language of cataloging spa
Transcribing agency AR-UNSa-BCEJYS
080 ## - UNIVERSAL DECIMAL CLASSIFICATION NUMBER
Universal Decimal Classification number 347.746
Common auxiliary subdivision Letras de cambio
020 ## - INTERNATIONAL STANDARD BOOK NUMBER
International Standard Book Number 978-987-592-112-2
100 1# - MAIN ENTRY--PERSONAL NAME
Personal name Legón, Fernando A.
245 10 - TITLE STATEMENT
Title Letra de cambio y pagaré
250 ## - EDITION STATEMENT
Edition statement 3a. ed
264 #1 - PRODUCTION, PUBLICATION, DISTRIBUTION, MANUFACTURE, AND COPYRIGHT NOTICE
Place of production, publication, distribution, manufacture Buenos Aires :
Name of producer, publisher, distributor, manufacturer Lexis Nexis
Date of production, publication, distribution, manufacture, or copyright notice 2006
300 ## - PHYSICAL DESCRIPTION
Extent xxiii, 396 p.
Dimensions 22 cm
505 ## - FORMATTED CONTENTS NOTE
Formatted contents note 1. Los títulos de crédito - 2. La letra de cambio - 3. El endoso - 4. La aceptación - 5. El aval - 6. El vencimiento - 7. El pago - 8. Recursos por falta de aceptación y de pago - 9. El protesto - 10. La intervención - 11. Ejemplares y copias - 12. Alteraciones - 13. La cancelación - 14. La prescripción - 15. El pagaré - 16. Régimen internacional de la letra de cambio
590 ## - LOCAL NOTE (RLIN)
Local note niveau_biblio:m niveau_hierar:0
856 41 - ELECTRONIC LOCATION AND ACCESS
Uniform Resource Identifier <a href="https://biblioeco.unsa.edu.ar/pmb/images/libros/Letra de cambio y pagare-l117179.jpg">https://biblioeco.unsa.edu.ar/pmb/images/libros/Letra de cambio y pagare-l117179.jpg</a>
Link text Imagen de portada
Electronic format type image/jpeg
942 ## - ADDED ENTRY ELEMENTS (KOHA)
Koha item type
Existencias
Withdrawn status Lost status Damaged status Not for loan Home library Current library Shelving location Date acquired Total checkouts Full call number Barcode Date last seen Price effective from Koha item type Public note
        Biblioteca Prof. Eusebio Cleto del Rey Biblioteca Prof. Eusebio Cleto del Rey   07/04/2026   347.746 L516 3ed. L117179 07/04/2026 07/04/2026 Libro CANTO SUPERIOR MANCHADO MUY LEVE
        Biblioteca Prof. Eusebio Cleto del Rey Biblioteca Prof. Eusebio Cleto del Rey   07/04/2026   347.746 L516 3ed. L117180 07/04/2026 07/04/2026 Libro  
        Biblioteca Prof. Eusebio Cleto del Rey Biblioteca Prof. Eusebio Cleto del Rey   07/04/2026   347.746 L516 3ed. L117181 07/04/2026 07/04/2026 Libro CANTO SUCIO - LÁPIZ LEVE
        Biblioteca Prof. Eusebio Cleto del Rey Biblioteca Prof. Eusebio Cleto del Rey   07/04/2026   347.746 L516 3ed. L117182 07/04/2026 07/04/2026 Libro CANTO MANCHADO - SUBRAYADO C/ LÁPIZ LEVE
        Biblioteca Prof. Eusebio Cleto del Rey Biblioteca Prof. Eusebio Cleto del Rey   07/04/2026   347.746 L516 3ed. L117183 07/04/2026 07/04/2026 Libro SUBRAYADO C/ LÁPIZ - CANTO MANCHADO LEVE
        Biblioteca Prof. Eusebio Cleto del Rey Biblioteca Prof. Eusebio Cleto del Rey   07/04/2026   347.746 L516 3ed. L117184 07/04/2026 07/04/2026 Libro CANTO LATERAL MANCHADO LEVE
        Biblioteca Prof. Eusebio Cleto del Rey Biblioteca Prof. Eusebio Cleto del Rey   07/04/2026   347.746 L516 3ed. L117185 07/04/2026 07/04/2026 Libro CANTO SUCIO
        Biblioteca Prof. Eusebio Cleto del Rey Biblioteca Prof. Eusebio Cleto del Rey   07/04/2026   347.746 L516 3ed. L117186 07/04/2026 07/04/2026 Libro CANTO SUCIO - PÁG. 369 MANCHA LEVE
        Biblioteca Prof. Eusebio Cleto del Rey Biblioteca Prof. Eusebio Cleto del Rey   07/04/2026   347.746 L516 3ed. L117187 07/04/2026 07/04/2026 Libro CANTO SUCIO - PÁG. 368 Y 369 MANCHADO LEVE - LÁPIZ LEVE
        Biblioteca Prof. Eusebio Cleto del Rey Biblioteca Prof. Eusebio Cleto del Rey   07/04/2026   347.746 L516 3ed. L117188 07/04/2026 07/04/2026 Libro PARTIDO PÁG. 358 - CANTO SUCIO MUY LEVE